A Few Good Men Speech Quiz Stats

 Plays Quiz Updated Jul 16, 2019

Score 0/217 Timer 07:00
0 Plays Today
% Correct
the
95.1%
the
95.1%
the
95.1%
the
95.1%
the
95.1%
the
95.1%
the
95.1%
the
95.1%
the
95.1%
You
93.5%
You?
93.5%
You,
93.5%
you
93.5%
You
93.5%
you
93.5%
You
93.5%
You
93.5%
you,
93.5%
You
93.5%
you
93.5%
you
93.5%
You
93.5%
You
93.5%
you
93.5%
you,
93.5%
you
93.5%
you
93.5%
you
93.5%
the
91.7%
I
90.4%
I
89.2%
a
88.5%
I
87.9%
I
87.9%
I
87.9%
I
87.9%
I
87.9%
I
87.9%
truth
86.9%
truth!
86.9%
can't
86.7%
handle
85.6%
a
85.1%
a
85.1%
a
85.1%
a
85.1%
a
85.1%
a
85.1%
a
85.1%
me
79.3%
me
79.3%
want
76.7%
want
76.7%
we
76.6%
We
76.6%
We
76.6%
do
76.2%
that
76%
that
76%
That
76%
that
76%
that
76%
that
76%
that
76%
in
75.9%
in
75.9%
in
75.9%
to
74.5%
to
74.5%
to
74.5%
to!
74.5%
on
73.4%
on
73.4%
% Correct
on
73.4%
and
73.1%
and
73.1%
And
73.1%
and
73.1%
and
73.1%
and
73.1%
and
73.1%
to
71.6%
be
70.3%
and
69.7%
don't
68.4%
don't
68.4%
don't
68.4%
what
65.7%
what
65.7%
wall.
65.6%
wall.
65.6%
it?
65.2%
it.
65.2%
need
64.4%
live
63.8%
are
63.3%
of
62.9%
of
62.2%
of
62.2%
have
62.1%
have
62.1%
have
62.1%
world
62%
who
61.5%
have
61%
have
61%
think
60.3%
men
58.5%
code,
56%
damn
55%
give
54.8%
as
54.7%
as
54.7%
your
54.6%
know.
54.6%
with
52%
at
51.9%
like
51.8%
has
51.5%
for
51.5%
honor,
51.5%
not
50.7%
by
50.1%
man
49.7%
those
48.4%
about
48.4%
my
48%
than
47.3%
Son,
47%
guns.
46.2%
these
45.8%
them
45.8%
walls,
45.6%
walls
45.6%
entitled
45.5%
talk
45.2%
then
45%
Who's
44.8%
because
44.7%
use
44.7%
use
44.7%
use
44.7%
words
44.3%
words
44.3%
down,
43.5%
way.
43.2%
% Correct
way,
43.2%
gonna
42.8%
Lieutenant
42.8%
parties,
42.3%
guarded
42.3%
lives.
42%
lives.
42%
provide,
41.9%
provide
41.6%
deep
41.4%
stand
41.4%
could
41.3%
which
40.9%
would
40.8%
luxury.
40.2%
luxury
40.2%
Marines.
40.1%
up
39.1%
while
39%
while
39%
just
39%
Santiago,
38.9%
thank
38.9%
punchline.
38.7%
under
38.6%
Weinberg?
38.3%
places
37.9%
time
37.8%
freedom
37.8%
knowing
37.7%
death,
36.8%
life
36.4%
manner
35.8%
saved
35.6%
said
34.5%
tragic,
34.5%
very
34.3%
saves
34%
blanket
33.9%
weep
33.8%
Either
33.6%
responsibility
33.5%
probably
33.5%
nor
33.4%
post.
33.1%
rather
33.1%
loyalty.
32.6%
neither
32.5%
fathom.
32.2%
grotesque
32%
questions
31.9%
curse
31.9%
backbone
31.6%
Santiago's
31.4%
possibly
30.8%
weapon
30.7%
existence,
30.6%
greater
30.5%
sleeps
29.8%
inclination
29.7%
went
28.2%
pick
28.1%
defending
27.9%
spent
27.7%
something.
27.6%
explain
26.6%
suggest
26.2%
myself
25.7%
rises
25.2%
incomprehensible
24.9%
Otherwise,
22.3%

You're not logged in!

Compare scores with friends on all Sporcle quizzes.
OR
Log In

Sporcle TV

Today on Sporcle TV


Watch our educational content, quiz creation guides, and fun videos on Sporcle TV.

Show Comments

Extras

Top Quizzes Today


Score Distribution

Your Account Isn't Verified!

In order to create a playlist on Sporcle, you need to verify the email address you used during registration. Go to your Sporcle Settings to finish the process.

Report this User

Report this user for behavior that violates our Community Guidelines.

Details: